000 00321nam a22001217a 4500
041 _aENG
100 _aMichael.A.M
245 _aProceedings Of XI International Congress The Use Of Plastics In Agriculture Supplemetary Volume
260 _aIndia
_bICPA
_c1990
300 _a289
650 _aGAE (15)
856 _uGAE (15)
999 _c2965
_d2965